| 000 | 01032nam a22002537a 4500 | ||
|---|---|---|---|
| 005 | 20170124103106.0 | ||
| 010 | _aB-040116 | ||
| 020 |
_c295.00 _a8126701870 |
||
| 035 | _aB-040116 | ||
| 037 | _bCen Lib/Ret | ||
| 040 |
_aDPL _bHN |
||
| 082 |
_a080 _bजोगीअ |
||
| 100 |
_aजोगी, अजित _978354 |
||
| 245 |
_aसदी के मोड़ पर / _cअजित जोगी |
||
| 246 |
_aSadi ke mod par / _bby Ajit Jogi |
||
| 260 |
_aनई दिल्ली _bराजकमल प्रकाशन _c2001 |
||
| 270 |
_bनई दिल्ली _a1--बी, नेताजी सुभाष मार्ग _e110002 |
||
| 300 |
_aviii,278पृ. _c19सेमी (सजिल्द) |
||
| 650 |
_aहिंदी--साहित्य _978355 |
||
| 650 |
_aराजनीति--सामाजिक सन्दर्भ _93276 |
||
| 650 |
_aHindi--Biography _978356 |
||
| 650 |
_aPolitical - social context _978357 |
||
| 942 |
_2ddc _cHN _h080 _mजोगीअ |
||
| 999 |
_c118107 _d118107 |
||